书目信息 |
| 题名: |
富豪的第一桶金
|
|
| 作者: | 张俊杰 主编 | |
| 分册: | ||
| 出版信息: | 北京 北京出版社 2004.01 |
|
| 页数: | 289页 | |
| 开本: | 21cm | |
| 丛书名: | ||
| 单 册: | ||
| 中图分类: | K815.38 | |
| 科图分类: | ||
| 主题词: | 企业家--qi ye jia--生平事迹--世界 | |
| 电子资源: | ||
| ISBN: | 7-200-05163-2 | |
| 000 | 00753nam0 2200241 450 | |
| 001 | 012008386546 | |
| 005 | 20080423184406.92 | |
| 010 | @a7-200-05163-2@dCNY24.00 | |
| 100 | @a20080423d2004 km y0chiy0120 ea | |
| 101 | 0 | @achi |
| 102 | @aCN@b110000 | |
| 105 | @aa a 000yd | |
| 106 | @ar | |
| 200 | 1 | @a富豪的第一桶金@Afu hao de di yi tong jin@f主编张俊杰@Fzhu bian zhang jun jie |
| 210 | @a北京@c北京出版社@d2004.01 | |
| 215 | @a289页@c图@d21cm | |
| 320 | @a有书目 (第289页)。 | |
| 330 | @a本书主要讲述了世界商的富人是如何发家致富,他们的经验展现给读者。 | |
| 606 | 0 | @a企业家@Aqi ye jia@x生平事迹@y世界 |
| 690 | @aK815.38@v4 | |
| 701 | 0 | @a张俊杰@Azhang jun jie@4主编 |
| 801 | 0 | @aCN@bQSSK@c20080423 |
| 905 | @b20702888-90@dK815.38@eZ122@f3 | |
| 富豪的第一桶金/主编张俊杰.-北京:北京出版社,2004.01 |
| 289页:图;21cm |
| ISBN 7-200-05163-2:CNY24.00 |
| 本书主要讲述了世界商的富人是如何发家致富,他们的经验展现给读者。 |
| ● |
| 相关链接 |
|
|
|
正题名:富豪的第一桶金
索取号:K815.38/Z122
 
预约/预借
| 序号 | 登录号 | 条形码 | 馆藏地/架位号 | 状态 | 备注 |
| 1 | 702888 | 207028884 | 社科库309/309社科库 43排2列6层/ [索取号:K815.38/Z122] | 在馆 | |
| 2 | 702889 | 207028893 | 社科库309/309社科库 43排2列6层/ [索取号:K815.38/Z122] | 在馆 | |
| 3 | 702890 | 207028900 | 社科库309/309社科库 43排2列6层/ [索取号:K815.38/Z122] | 在馆 |